| 000 | 00432cam a2200181ua 4500 | ||
|---|---|---|---|
| 020 | _c7.50 | ||
| 041 |
_aeng _h |
||
| 082 |
_a294.5922 _bRAJ/RA |
||
| 100 | _aRajagopalachari, C . | ||
| 245 |
_aRamayana / _cC.Rajagopalachari. _hTextual Documents |
||
| 250 |
_a4 / _b. |
||
| 260 |
_aMumbai : _bBharatiya Vidya Bhavan , _c1962. |
||
| 300 | _a307 ; . | ||
| 365 | _a7.50 | ||
| 504 | _a | ||
| 942 | _cBK | ||
| 999 |
_c1625 _d1625 |
||